000 00579nam a2200217 i 4500
001 18937
003 ES-MaACL
005 20250315062546.0
007 t|
008 020415s2001 sp ||||1| spa d
020 _a84-321-3382-5
080 _a821.134.2-14"19"
100 1 _aRubio, Teodoro.
_9100380
245 1 0 _aFría desnudez del calendario /
_cTeodoro Rubio.
260 _aMadrid :
_bRialp,
_c[2001]
300 _a57 p. ;
_c18 cm.
490 1 _aAdonais ;
_v559
830 0 0 _aAdonáis
_v559
_9173743
852 _aES-MaACL
_jJ-23-559
_bR.131586
999 _c18937
_d18937